| 000 | 00699nam a22002297a 4500 | ||
|---|---|---|---|
| 005 | 20170124110057.0 | ||
| 010 | _a940505 | ||
| 020 | _c100.00 | ||
| 035 | _a940505 | ||
| 037 | _bCen Lib/Ret | ||
| 040 |
_aDPL _bEN |
||
| 082 |
_a954.11 _bSUF |
||
| 100 |
_aSufi, G.M.D. _926721 |
||
| 245 |
_aIslamic culture in kashmir / _cby G.M.D. Sufi |
||
| 260 |
_aNew Delhi _bLight & Life Publishers _c1979 |
||
| 270 |
_a2428, Tilak Street, Paharhganj _bNew Delhi _e110055 |
||
| 300 |
_avii, 393p. _c21cm(Hb) |
||
| 500 | _aIncludes bibliographical references and index | ||
| 650 |
_aHistory of kashmir _926722 |
||
| 650 |
_aIslamic culture _97702 |
||
| 942 |
_2ddc _cEN _h954.11 _mSUF |
||
| 999 |
_c129557 _d129557 |
||